Animal baby names Quiz Stats

 Plays Quiz not verified by Sporcle

Challenge
Share
Tweet
Embed
Score 0/60 Timer 12:00
0 Plays Today
Animal Baby Names % Correct
Sheeplamb
70.1%
Dogpup
68.7%
Bearcub
68%
Catkitten
68%
Cowcalf
68%
Duckduckling
66.7%
Frogpolliwog
66.7%
Chickenchick
66%
Foxcub
66%
Tigercub
66%
Lioncub
66%
Kangaroojoey
65.3%
Pandacub
64.6%
Pigpiglet
64.6%
Horsecolt
62.6%
Cheetahcub
60.5%
Sealcalf
59.9%
Elephantcalf
58.5%
Owlowlet
58.5%
Buffalocalf
57.8%
OXcalf
57.1%
Eagleeaglet
57.1%
Wolfcub
56.5%
Deerfawn
55.8%
Goatkid
55.8%
Rabbitbunny
55.8%
Donkeycolt
55.1%
Hippopotamuscalf
55.1%
Boarpiglet
54.4%
Hyenacub
54.4%
Animal Baby Names % Correct
Coyotepup
52.4%
Camelcalf
51.7%
Whalecalf
51%
Dolphincalf
50.3%
Moosecub
50.3%
elkcalf
48.3%
Sharkcub
46.9%
Monkeybaby
46.3%
Walruscub
46.3%
Otterpup
44.9%
Racooncub
43.5%
Apebaby
41.5%
Penguinchick
41.5%
Flymaggot
40.8%
Ferretkit
40.1%
Birdhatchling
39.5%
Beelarva
38.1%
Gerbilpup
38.1%
Alligatorhatchling
37.4%
Batpup
37.4%
Fishfingerling
36.1%
Armadillopup
35.4%
Skunkkit
35.4%
Koalajoey
34.7%
Molepup
33.3%
Opossumjoey
27.2%
Eelelver
22.4%
Oysterspat
18.4%
Roostercockerel
17.7%
Clamlarva
15%

You're not logged in!

Compare scores with friends on all Sporcle quizzes.
Join for Free
OR
Log In

You Might Also Like...

Show Comments

Extras

Top Quizzes Today


Score Distribution

Your Account Isn't Verified!

In order to create a playlist on Sporcle, you need to verify the email address you used during registration. Go to your Sporcle Settings to finish the process.

Report this User

Report this user for behavior that violates our Community Guidelines.

Details: